'C' Authors Quiz Stats

 Plays Quiz Updated Nov 25, 2014

Also try: 'B' Authors
Challenge
Share
Tweet
Embed
Score 0/20 Timer 06:00
3 Plays Today
Hint Answer % Correct
Alice's Adventures in Wonderland (1865), What the Tortoise Said to Achilles (1895)Lewis Carroll
90.7%
Troilus and Criseyde (c. 1380s), The Canterbury Tales (c. 1380s)Geoffrey Chaucer
84.7%
Murder on the Orient Express (1934), The Mousetrap (1952)Agatha Christie
84.7%
The Andromeda Strain (1969), Jurassic Park (1990), Michael Crichton
81.9%
Breakfast at Tiffany's (1958), In Cold Blood (1965)Truman Capote
80.2%
Don Quixote (1605), Persiles (1617)Miguel de Cervantes
75.9%
The Hunt for Red October (1984), Patriot Games (1987)Tom Clancy
63.5%
The Hunger Games (2008), Mockingjay (2010)Suzanne Collins
61.3%
The Stranger (1942), The Plague (1947)Albert Camus
61.3%
The Last of the Mohicans (1826), The Deerslayer (1841)James Fenimore Cooper
52.3%
Hint Answer % Correct
2001: A Space Odyssey (1968), The Fountains of Paradise (1979)Arthur C. Clarke
52.2%
The Rime of the Ancient Mariner (1798), Kubla Khan (1816)Samuel Taylor Coleridge
48.8%
O Pioneers! (1913), My Antonia (1918)Willa Cather
46.1%
Uncle Vanya (1897), The Cherry Orchard (1904)Anton Chekhov
45.4%
The Big Sleep (1939), The Long Goodbye (1953)Raymond Chandler
45.3%
The Red Badge of Courage (1895), George's Mother (1896)Stephen Crane
45.2%
Henry Huggins (1950), Ramona Quimby, Age 8 (1981)Beverly Cleary
36.7%
Ender's Game (1985), Speaker for the Dead (1986)Orson Scott Card
35.9%
The Storm (1898), The Awakening (1899)Kate Chopin
25.1%
Raise the Titanic! (1976), Sahara (1992)Clive Cussler
16.6%

You're not logged in!

Compare scores with friends on all Sporcle quizzes.
OR
Log In

You Might Also Like...

Show Comments

Extras

Top Quizzes Today


Score Distribution

Your Account Isn't Verified!

In order to create a playlist on Sporcle, you need to verify the email address you used during registration. Go to your Sporcle Settings to finish the process.

Report this User

Report this user for behavior that violates our Community Guidelines.

Details: